000 01845nam a2200385 c 4500
003 BLK
005 20230411030320.0
008 180411b bul|||||r ||||||| ||bul||
010 _aKNG00180254000
040 _aBLK
041 _aBUL
_cBUL
080 _aКраезнание
_b908
_x(497.2)(036)
_z908(497.2)(036)
080 _aГеография на България
_b913(497.2)
_x(036)
_z913(497.2)(036)
100 1 _aАндреев, Александър
_eпърви автор
_gАндреев, Василий Дмитриевич
_9371187
139 _aПо пътеките на неуловимия [Васил Левски]
_bП 62
245 1 0 _aПо пътеките на неуловимия [Васил Левски]
_b[Пътеводител]
_cАлександър Андреев.
250 _a2. изд.
257 _aBGR
260 София
_bМедицина и физкултура
_c1983
_fПловдив : печ. Д. Благоев
300 _a188 с.
_b8 л. : ил., портр.
_c20 см
380 _a9
490 1 _aБиблиотека Огнена диря
500 _aДруги авт. : Б. Николов, Г. Данов, З. Маркова, Ив. Райков, Ст. Дойнов, С. Нейков, Т. Ненов. - 1. изд. 1973 със загл. Неуловимият. - 9 110 тир.
650 4 _aНационалноосвободително движение - България - дейци
_9243361
651 4 _aБългария
_9241624
653 _aВасил Левски
653 _aпътеводители
852 _aЦб 122345
856 4 _qpdf
_u
856 4 _qpdf
_u
942 _cKNG
_n0
944 _aCR
_c25.08.2015
_lф /
_kЛюдмила_Стоянова
944 _aED
_c25.08.2015
_lф /
_kЛюдмила_Стоянова
999 _c171957
_d171957